| 000 | 00431cam a2200181ua 4500 | ||
|---|---|---|---|
| 020 | _c5.00 | ||
| 041 |
_ahin _h |
||
| 082 |
_a891.54 _bGOV/NA |
||
| 100 | _aGovind Vallabh, Pant . | ||
| 245 |
_aNavjivan / _cGovind Vallabh Pant. _hTextual Documents |
||
| 250 |
_a3 / _b. |
||
| 260 |
_a : _bGanga Pustakmala Karyalay , _c1958. |
||
| 300 | _a266 ; . | ||
| 365 | _a5.00 | ||
| 504 | _a | ||
| 942 | _cBK | ||
| 999 |
_c7980 _d7980 |
||